Normal view
MARC view
- Schuler, Charles:Chugani, Mahesh
Entry Personal Name
001 - CONTROL NUMBER
- control field: 67470
003 - CONTROL NUMBER IDENTIFIER
- control field: NUST
005 - DATE AND TIME OF LATEST TRANSACTION
- control field: 20210628203829.0
008 - FIXED-LENGTH DATA ELEMENTS
- fixed length control field: 210628|| aca||aabn | a|a d
040 ## - CATALOGING SOURCE
- Original cataloging agency: NUST
- Transcribing agency: NUST
100 ## - HEADING--PERSONAL NAME
- Personal name: Schuler, Charles:Chugani, Mahesh
670 ## - SOURCE DATA FOUND
- Source citation: Work cat.: (NUST): Schuler, Charles:Chugani, Mahesh, Digital signal processing;a hands-on approach, 2005
